Notizie storiche e geografiche di Paganica : esposte agli alunni delle scuole elementari del comune, coordinate allo studio della storia e della geografia secondo i programmi governativi
Gespeichert in:
| 1. Verfasser: | |
|---|---|
| Format: | Buch |
| Sprache: | Italienisch |
| Erschienen: |
L'Aquila :
tip. Aternina,
1889
|
| Katalog: | EDISCO: Suchergebnis im Bibliothekskatalog |
| Schulbuchspezifische Eigenschaften: |
|
| Schlagworte: | |
| Tags: |
Tag hinzufügen
Keine Tags, Fügen Sie den ersten Tag hinzu!
|
| Hinzugefügt zu: | 30.04.2016 |
| Geändert in: | 27.05.2019 |
MARC
| LEADER | 00000aam a22000005 4500 | ||
|---|---|---|---|
| 001 | 00013 | ||
| 003 | OSt | ||
| 005 | 20190527102935.0 | ||
| 008 | 160501s1889 it 000 0 ita | ||
| 999 | |c 14 |d 14 | ||
| 040 | |c Antonio Parlati - L'Acquila | ||
| 041 | 1 | |a ita | |
| 100 | |9 104 |a Ciuffoletti, Achille |e Author | ||
| 245 | 0 | 0 | |a Notizie storiche e geografiche di Paganica : |b esposte agli alunni delle scuole elementari del comune, coordinate allo studio della storia e della geografia secondo i programmi governativi / |c Achille Ciuffoletti |
| 260 | |a L'Aquila : |b tip. Aternina, |c 1889 | ||
| 300 | |a 16 p., 1/1 ; |c in 8° | ||
| 546 | |a ita | ||
| 650 | 4 | |a Geografia |9 28 |a Storia | |
| 655 | |a Manuale |9 16 | ||
| 690 | 7 | |a Elementare |9 29 | |
| 901 | |a 5 | ||
| 942 | |2 ddc |c BK | ||
| 999 | |c edisco:14 |d 14 | ||